Normale Ansicht MARC-Ansicht ISBD

Wötzel tritt für "Die Basis" an. (Titelsatznr. 217461)

[ MARC ]
MARC-Details
000 -Satzkennung
Kontrollfeld mit fester Länge 00819nam a22001937a 4500
008 - Feld mit fester Länge zur physischen Beschreibung - Allgemeine Angaben
Kontrollfeld mit fester Länge 201130b ||||| |||| 00| 0 eng d
040 ## - Katalogisierungsquelle
Katalogisierungssprache ger
Übertragungsstelle DE-2950
Beschreibungsfestlegungen rda
Original-Katalogisierungsstelle DE-2950
041 ## - Sprachcode
Sprachcode des Textes/der Tonspur oder des separaten Titels ger
100 ## - Person oder Familie als 1. geistiger Schöpfer
Personenname Richter, Janine;
245 ## - Titel
Haupttitel Wötzel tritt für "Die Basis" an.
Titelzusatz Bundestagswahl: Der 50jährige aus Grünheide ist Direktkandidat im Wahlkreis 63 Oder-Spree/ Frankfurt (Oder). Noch bis Februar war er in der FDP /
Verantwortlichkeitsangabe Janine Richter
653 ## - Lokales Schlagwort
Nicht-normierter Term Frankfurt (Oder) / Landkreis Oder-Spree
653 ## - Lokales Schlagwort
Nicht-normierter Term Bundestagswahl / Kandidat
653 ## - Lokales Schlagwort
Nicht-normierter Term Partei "Die Basis"
773 ## - Übergeordnete Einheit
Ort, Verlag und Erscheinungsjahr Frankfurt (Oder): Märkisches Verlags- und Druckhaus GmbH & Co KG
Verknüpfungsangaben 32. Jahrgang (2021) Nr. 146 vom 26./27.06.2021, S.22 : Foto
Titel Märkische Oderzeitung
942 ## - Zusätzliche Felder (Koha)
Koha-Medientyp Aufsätze
Exemplare
Ausgeschieden Verloren Beschädigt Nicht entleihbar Permanenter Standort Aktueller Standort Aufstellungsort Eingabedatum Anzahl Ausleihen Signatur Letzte Aktivität Preis gültig von Medientyp
        Stadtarchiv Frankfurt (Oder) | Archivbibliothek Stadtarchiv Frankfurt (Oder) | Archivbibliothek Magazin 29/06/2021   Z2 29/06/2021 29/06/2021 Aufsätze